ბათუმის შოთა რუსთაველის სახელმწიფო უნივერსიტეტის ბიბლიოთეკა

Emery's elements of medical genetics / (ბიბ.ჩანაწერი № 50587)

000 -LEADER
fixed length control field 01089cam a2200325 a 4500
001 - CONTROL NUMBER
control field 13911327
005 - DATE AND TIME OF LATEST TRANSACTION
control field 20200221170507.0
008 - FIXED-LENGTH DATA ELEMENTS--GENERAL INFORMATION
fixed length control field 050325s2005 stka b 001 0 eng
010 ## - LIBRARY OF CONGRESS CONTROL NUMBER
LC control number 2005273703
020 ## - INTERNATIONAL STANDARD BOOK NUMBER
International Standard Book Number 0443100454
040 ## - CATALOGING SOURCE
Original cataloging agency DLC
Transcribing agency DLC
Modifying agency DLC
041 ## - LANGUAGE CODE
Language code of text/sound track or separate title eng
050 00 - LIBRARY OF CONGRESS CALL NUMBER
Classification number RB155
Item number .E5 2005
080 ## - UNIVERSAL DECIMAL CLASSIFICATION NUMBER
Universal Decimal Classification number 616.04 T-95
082 00 - DEWEY DECIMAL CLASSIFICATION NUMBER
Classification number 616/.042
Edition number 22
100 1# - MAIN ENTRY--PERSONAL NAME
Personal name Turnpenny, Peter D.
9 (RLIN) 7341
245 10 - TITLE STATEMENT
Title Emery's elements of medical genetics /
Statement of responsibility, etc. Peter D. Turnpenny, Sian Ellard.
246 30 - VARYING FORM OF TITLE
Title proper/short title Elements of medical genetics
250 ## - EDITION STATEMENT
Edition statement 12th ed.
264 ## - PRODUCTION, PUBLICATION, DISTRIBUTION, MANUFACTURE, AND COPYRIGHT NOTICE
Place of production, publication, distribution, manufacture Edinburgh :
Name of producer, publisher, distributor, manufacturer Elsevier/Churchill Livingstone,
Date of production, publication, distribution, manufacture, or copyright notice 2005.
300 ## - PHYSICAL DESCRIPTION
Extent xii, 443 p. :
Other physical details ill. (some col.) ;
Dimensions 28 cm.
504 ## - BIBLIOGRAPHY, ETC. NOTE
Bibliography, etc. note Includes bibliographical references and index.
650 #0 - SUBJECT ADDED ENTRY--TOPICAL TERM
Topical term or geographic name entry element Medical genetics.
9 (RLIN) 7342
653 ## - INDEX TERM--UNCONTROLLED
keyword გენეტიკა
653 ## - INDEX TERM--UNCONTROLLED
keyword მედიცინა
700 1# - ADDED ENTRY--PERSONAL NAME
Personal name Ellard, Sian.
Relator term ავტორი
9 (RLIN) 7343
906 ## - LOCAL DATA ELEMENT F, LDF (RLIN)
a 7
b cbc
c origcop
d 2
e ncip
f 20
g y-gencatlg
942 ## - ADDED ENTRY ELEMENTS (KOHA)
Source of classification or shelving scheme
Koha item type წიგნი
ეგზემპლარები
Withdrawn status Lost status Source of classification or shelving scheme Damaged status Not for loan Permanent Location Current Location Shelving location Date acquired Cost, normal purchase price Full call number Barcode Date last seen Copy number Price effective from Koha item type Public note
          ბათუმის შოთა რუსთაველის სახელმწიფო უნივერსიტეტის მთავარი ბიბლიოთეკა ბათუმის შოთა რუსთაველის სახელმწიფო უნივერსიტეტის მთავარი ბიბლიოთეკა წიგნსაცავი 2018-12-17 180.00 616.04 T-95 691 2018-12-17 691 2018-12-17 წიგნი 180 ლ.